Dôchodkové zabezpečenie v Dánsku
Dôchodkový systém v Dánsku. Podstatné prvky systému: univerzálnosť, štatistické prerozdelenie, výplata dávok najmä pre deti a starých ľudí, decentralizácia a kontrola, komunálna politika.
Saved in:
| Main Author: | |
|---|---|
| Format: | Book Chapter |
| Language: | Slovak |
| Subjects: | |
| Tags: |
No Tags, Be the first to tag this record!
|
MARC
| LEADER | 00000naa a2200000 4500 | ||
|---|---|---|---|
| 001 | r026175 | ||
| 005 | 20230424120957.7 | ||
| 041 | 0 | |a slo | |
| 044 | |a SK | ||
| 245 | 1 | 0 | |a Dôchodkové zabezpečenie v Dánsku |c Vojtech Stanek |
| 520 | |a Dôchodkový systém v Dánsku. Podstatné prvky systému: univerzálnosť, štatistické prerozdelenie, výplata dávok najmä pre deti a starých ľudí, decentralizácia a kontrola, komunálna politika. | ||
| 610 | 2 | 0 | |a zabezpečenie dôchodkové |
| 610 | 2 | 0 | |a Dánsko |
| 100 | 1 | |a Stanek, Vojtech | |